Jesus, by Luke : (Record no. 10984)
[ view plain ]
| 000 -LEADER | |
|---|---|
| fixed length control field | 00459nam a22001697a 4500 |
| 003 - CONTROL NUMBER IDENTIFIER | |
| control field | OSt |
| 005 - DATE AND TIME OF LATEST TRANSACTION | |
| control field | 20221116115828.0 |
| 008 - FIXED-LENGTH DATA ELEMENTS--GENERAL INFORMATION | |
| fixed length control field | 221116b |||||||| |||| 00| 0 eng d |
| 040 ## - CATALOGING SOURCE | |
| Transcribing agency | DLC |
| 050 ## - LIBRARY OF CONGRESS CALL NUMBER | |
| Item number | SM642J |
| 082 ## - DEWEY DECIMAL CLASSIFICATION NUMBER | |
| Item number | SM642P |
| 100 ## - MAIN ENTRY--PERSONAL NAME | |
| Personal name | Smith, Paul B. |
| 245 ## - TITLE STATEMENT | |
| Title | Jesus, by Luke : |
| Remainder of title | As Seen by a Gentile Physician / |
| Statement of responsibility, etc. | Paul B. Smith. |
| 260 ## - PUBLICATION, DISTRIBUTION, ETC. | |
| Place of publication, distribution, etc. | Burlington, Ontario, Canada : |
| Name of publisher, distributor, etc. | Welch Publishing Company, |
| Date of publication, distribution, etc. | 1990. |
| 300 ## - PHYSICAL DESCRIPTION | |
| Extent | 219p. |
| 942 ## - ADDED ENTRY ELEMENTS (KOHA) | |
| Source of classification or shelving scheme | Dewey Decimal Classification |
| Koha item type | Books |
| Withdrawn status | Lost status | Source of classification or shelving scheme | Damaged status | Not for loan | Collection code | Home library | Current library | Shelving location | Date acquired | Full call number | Barcode | Date last seen | Price effective from | Koha item type |
|---|---|---|---|---|---|---|---|---|---|---|---|---|---|---|
| Dewey Decimal Classification | Non-fiction | Harvest Mission College | Harvest Mission College | General Stacks | 29.11.2022 | 226.4 SM642P | 012865 | 29.11.2022 | 29.11.2022 | Books |
